00247nam a2200085Ia 4500008004100000100001900041245006400060260002900124300000800153201216s9999 xx 000 0 und d aCohen, Kalma J 0aTheory of the Firm: Resource Allocation in a Market Economy aNew DelhibPrentice Hall a524